[Event "26. Copenhagen Open  (Politiken Cup)"]
[Site "Taastrup"]
[Date "2004.07.27"]
[Round "5"]
[White "Laursen, Niels Norskov"]
[Black "Rasmussen, Henning"]
[Result "0-1"]
[WhiteElo "2097"]
[BlackElo "1767"]
[PlyCount "80"]
[EventDate "2004.07.24"]
[EventType "swiss"]
[EventRounds "10"]
[EventCountry "DEN"]
[SourceDate "2004.01.01"]

1. e4 c6 2. d4 d5 3. exd5 cxd5 4. c4 Nf6 5. Nc3 Nc6 6. Bg5 e6 7. Nf3 Be7 8. Rc1
O-O 9. c5 Ne4 10. Bxe7 Qxe7 11. Be2 Bd7 12. O-O f5 13. Bb5 Nb8 14. Bd3 Nc6 15.
Bb5 Nb8 16. Bd3 Nc6 17. Re1 Rf6 18. Bb5 Nb8 19. Bf1 Nc6 20. a3 Rh6 21. b4 a6
22. Ne2 g5 23. Ne5 g4 24. g3 Nxe5 25. dxe5 Bb5 26. Bg2 Bxe2 27. Qxe2 Ng5 28. c6
Rc8 29. cxb7 Qxb7 30. Qe3 Rg6 31. Rxc8+ Qxc8 32. Rc1 Qb7 33. Rc5 Rg7 34. Qc3 h6
35. Rc6 Kh7 36. Qc5 Rd7 37. Rc8 Rg7 38. Qf8 Qa7 39. Qh8+ Kg6 40. Rf8 Nf7 0-1

[Event "26. Copenhagen Open  (Politiken Cup)"]
[Site "Taastrup"]
[Date "2004.07.27"]
[Round "5"]
[White "Lfstrand, Johannes"]
[Black "Mathiesen, Erik"]
[Result "1-0"]
[WhiteElo "1856"]
[BlackElo "2112"]
[PlyCount "41"]
[EventDate "2004.07.24"]
[EventType "swiss"]
[EventRounds "10"]
[EventCountry "DEN"]
[SourceDate "2004.01.01"]

1. e4 e5 2. Nc3 Nf6 3. Bc4 c6 4. f4 exf4 5. e5 Ng8 6. Nf3 b5 7. Bb3 a5 8. a4 g5
9. O-O f5 10. exf6 d5 11. Qe1+ Kd7 12. Ne5+ Kc7 13. Nf7 Qxf6 14. Nxh8 b4 15.
Ne2 Qxh8 16. d4 Bg4 17. Nxf4 Qxd4+ 18. Be3 Qg7 19. Nxd5+ Kb7 20. Nb6 Ra6 21.
Rf7+ 1-0

[Event "26. Copenhagen Open  (Politiken Cup)"]
[Site "Taastrup"]
[Date "2004.07.27"]
[Round "5"]
[White "Marcussen, Johnni A"]
[Black "Lavrsen, Frands Winther"]
[Result "0-1"]
[WhiteElo "1359"]
[BlackElo "1772"]
[PlyCount "114"]
[EventDate "2004.07.24"]
[EventType "swiss"]
[EventRounds "10"]
[EventCountry "DEN"]
[SourceDate "2004.01.01"]

1. e4 c5 2. Nf3 Nc6 3. d4 cxd4 4. Nxd4 g6 5. Nc3 Bg7 6. Be3 Nf6 7. Bb5 O-O 8.
O-O a6 9. Bxc6 bxc6 10. e5 Ne8 11. f4 c5 12. Nf3 d6 13. Bxc5 Qa5 14. Bd4 Bh6
15. Nd2 Be6 16. Nde4 dxe5 17. fxe5 Rd8 18. Ne2 Be3+ 19. Kh1 Bxd4 20. Nxd4 Qxe5
21. Nc6 Rxd1 22. Nxe5 Rd4 23. Nc3 Bf5 24. Nc6 Rd7 25. Rf2 Rb7 26. Rb1 Nf6 27.
Nd4 Bd7 28. h3 Rc8 29. Rf3 Kg7 30. Nb3 Bc6 31. Re3 Nd5 32. Nxd5 Bxd5 33. Re2 f5
34. Rd1 Rd7 35. Rdd2 Rcd8 36. Kg1 Bxb3 37. Rxd7 Rxd7 38. axb3 Kf6 39. Kf2 Rd1
40. c3 e5 41. b4 e4 42. Ke3 Ke5 43. g3 g5 44. Rf2 Rd3+ 45. Ke2 Rxg3 46. Rf1 f4
47. Ra1 Rg2+ 48. Kf1 Rxb2 49. Ra5+ Ke6 50. Rxa6+ Kd5 51. Ra5+ Kc4 52. Rxg5 e3
53. Rg4 Rf2+ 54. Ke1 Kxc3 55. b5 Kd3 56. b6 Rb2 57. Kf1 f3 0-1

[Event "26. Copenhagen Open  (Politiken Cup)"]
[Site "Taastrup"]
[Date "2004.07.27"]
[Round "5"]
[White "Marder, Simon"]
[Black "Greiff, Hakan"]
[Result "1/2-1/2"]
[WhiteElo "2054"]
[BlackElo "2253"]
[PlyCount "103"]
[EventDate "2004.07.24"]
[EventType "swiss"]
[EventRounds "10"]
[EventCountry "DEN"]
[SourceDate "2004.01.01"]

1. d4 d5 2. Nc3 Nf6 3. Bg5 g6 4. Qd2 Bg7 5. f3 c6 6. O-O-O h6 7. Bf4 Nbd7 8. g4
Qa5 9. e3 b5 10. e4 b4 11. Nb1 dxe4 12. Bc4 Nd5 13. fxe4 Nxf4 14. Qxf4 Bf6 15.
Nf3 g5 16. Qe3 Nb6 17. Bb3 Bxg4 18. e5 Bg7 19. Qe4 Bxf3 20. Qxf3 Nd5 21. Nd2
Qc7 22. h4 O-O-O 23. Qxf7 Rhg8 24. hxg5 hxg5 25. Ne4 Rdf8 26. Qe6+ Qd7 27. Bxd5
cxd5 28. Qa6+ Qb7 29. Qe6+ Qd7 30. Qa6+ Qb7 31. Qe6+ Qd7 32. Nxg5 Bxe5 33. Qxe5
Rf5 34. Qe1 Rfxg5 35. Qxb4 Rg2 36. Rde1 Qc6 37. Qb3 R8g3 38. c3 Kd7 39. Rh7 Rg7
40. Rxg7 Rxg7 41. Qc2 Qh6+ 42. Kb1 Qg6 43. Qxg6 Rxg6 44. Re2 a5 45. b3 Rc6 46.
Kb2 Rb6 47. Ka3 Rc6 48. Re3 Rc8 49. Ka4 Kd6 50. Rg3 e6 51. Ka3 Rc7 52. Ka4
1/2-1/2

[Event "26. Copenhagen Open  (Politiken Cup)"]
[Site "Taastrup"]
[Date "2004.07.27"]
[Round "5"]
[White "Moberg, Jan Rune"]
[Black "Asberg, Anders"]
[Result "1/2-1/2"]
[WhiteElo "1525"]
[BlackElo "1886"]
[PlyCount "82"]
[EventDate "2004.07.24"]
[EventType "swiss"]
[EventRounds "10"]
[EventCountry "DEN"]
[SourceDate "2004.01.01"]

1. Nf3 c5 2. c4 g6 3. Nc3 Bg7 4. g3 Nc6 5. Bg2 b6 6. d3 Bb7 7. O-O Bxc3 8. bxc3
Qc7 9. a4 Na5 10. Bf4 d6 11. Rb1 h6 12. e4 g5 13. Bd2 Nf6 14. Re1 Nd7 15. Bh3
Rg8 16. Bg2 O-O-O 17. Qc2 Rg7 18. Qa2 Rh8 19. Be3 f6 20. Nd2 h5 21. d4 h4 22.
g4 h3 23. Bf1 f5 24. exf5 Nf6 25. f3 Kb8 26. Bf2 Ka8 27. d5 Bc8 28. Bg3 Nb7 29.
Ne4 Nd7 30. Qd2 Rhg8 31. Re3 Nd8 32. Ra1 a5 33. Ree1 Ba6 34. Reb1 Nf7 35. Kf2
Ka7 36. Qa2 Nfe5 37. Rb2 Rb8 38. Rab1 Qd8 39. Re1 Qf8 40. Re3 Rg8 41. Rb1 Rb7
1/2-1/2

[Event "26. Copenhagen Open  (Politiken Cup)"]
[Site "Taastrup"]
[Date "2004.07.27"]
[Round "5"]
[White "Mortensen, Henrik"]
[Black "Kaimer, Thomas"]
[Result "1/2-1/2"]
[WhiteElo "2018"]
[BlackElo "2237"]
[PlyCount "44"]
[EventDate "2004.07.24"]
[EventType "swiss"]
[EventRounds "10"]
[EventCountry "DEN"]
[SourceDate "2004.01.01"]

1. e4 c5 2. Nf3 e6 3. d4 cxd4 4. Nxd4 Nf6 5. Nc3 Nc6 6. Ndb5 Bb4 7. a3 Bxc3+ 8.
Nxc3 d5 9. exd5 exd5 10. Bd3 O-O 11. O-O d4 12. Ne2 Bg4 13. f3 Bh5 14. Bg5 Qd6
15. Qd2 Bg6 16. Rad1 Rad8 17. Rfe1 Rfe8 18. Nf4 Bxd3 19. Nxd3 h6 20. Bxf6 Qxf6
21. Rxe8+ Rxe8 22. Re1 Rxe1+ 1/2-1/2

[Event "26. Copenhagen Open  (Politiken Cup)"]
[Site "Taastrup"]
[Date "2004.07.27"]
[Round "5"]
[White "Mortensen, Jan T"]
[Black "Manley, Christian"]
[Result "1-0"]
[WhiteElo "2028"]
[BlackElo "1670"]
[PlyCount "61"]
[EventDate "2004.07.24"]
[EventType "swiss"]
[EventRounds "10"]
[EventCountry "DEN"]
[SourceDate "2004.01.01"]

1. f4 c5 2. Nf3 Nc6 3. e3 g6 4. Be2 Bg7 5. O-O f5 6. Nc3 e6 7. e4 Bxc3 8. bxc3
fxe4 9. Ng5 d5 10. Qe1 h6 11. Nh3 d4 12. Bb5 Nf6 13. Qg3 Kf7 14. Rb1 Ne7 15.
cxd4 Nf5 16. Qa3 Qxd4+ 17. Kh1 Rd8 18. Be2 b6 19. Rxb6 Nd5 20. c3 axb6 21. Qxa8
Qf6 22. Nf2 e3 23. Ng4 Qh4 24. Kg1 exd2 25. Bxd2 Kf8 26. Ne5 Qf6 27. Qa7 Nfe3
28. Qh7 c4 29. Bc1 Nxc3 30. Ba3+ Ke8 31. Qg8+ 1-0

[Event "26. Copenhagen Open  (Politiken Cup)"]
[Site "Taastrup"]
[Date "2004.07.27"]
[Round "5"]
[White "Mossin, Ivar Alexander"]
[Black "Moller, Arne"]
[Result "0-1"]
[WhiteElo "1000"]
[BlackElo "1936"]
[PlyCount "74"]
[EventDate "2004.07.24"]
[EventType "swiss"]
[EventRounds "10"]
[EventCountry "DEN"]
[SourceDate "2004.01.01"]

1. e4 c5 2. Nf3 d6 3. d4 cxd4 4. Nxd4 Nf6 5. Nc3 a6 6. f3 Nc6 7. Be3 e6 8. Qd2
Be7 9. O-O-O O-O 10. g4 Nxd4 11. Bxd4 b5 12. Ne2 e5 13. Be3 Be6 14. g5 Nh5 15.
Nc3 Rc8 16. h4 Qc7 17. Bh3 b4 18. Nd5 Bxd5 19. Bxc8 Bxa2 20. Bxa6 Ra8 21. Qd3
Qa5 22. Qb5 Qxa6 23. Qxa6 Rxa6 24. b3 Ng3 25. Rh2 Bxb3 26. cxb3 Ra1+ 27. Kc2
Ra2+ 28. Kd3 Rxh2 29. Kc4 Rxh4 30. Bf2 Rh3 31. Rd3 Nxe4 32. fxe4 Rxd3 33. Kxd3
Bxg5 34. Kc4 h5 35. Kxb4 h4 36. Kc4 h3 37. Bg3 Bf4 0-1

[Event "26. Copenhagen Open  (Politiken Cup)"]
[Site "Taastrup"]
[Date "2004.07.27"]
[Round "5"]
[White "Nielsen, Max"]
[Black "Jensen, Soren G"]
[Result "1-0"]
[WhiteElo "2259"]
[BlackElo "2090"]
[PlyCount "51"]
[EventDate "2004.07.24"]
[EventType "swiss"]
[EventRounds "10"]
[EventCountry "DEN"]
[SourceDate "2004.01.01"]

1. e4 c6 2. c4 e5 3. Nf3 d6 4. Nc3 Nf6 5. d4 Nbd7 6. Be2 g6 7. O-O Bg7 8. Be3
O-O 9. d5 cxd5 10. cxd5 Ne8 11. Nd2 f5 12. f3 f4 13. Bf2 g5 14. Nb5 b6 15. a4
h5 16. Nc4 Ndf6 17. a5 Ba6 18. Nc3 Rc8 19. Nd2 Bxe2 20. Qxe2 Rf7 21. axb6 axb6
22. Nc4 Rb7 23. Nb5 Qd7 24. Nxb6 Rxb6 25. Bxb6 Rb8 26. Ra7 1-0

[Event "26. Copenhagen Open  (Politiken Cup)"]
[Site "Taastrup"]
[Date "2004.07.27"]
[Round "5"]
[White "Nilssen, John Arni"]
[Black "Skovgaard, Peter Nicolai"]
[Result "1-0"]
[WhiteElo "2414"]
[BlackElo "2116"]
[PlyCount "115"]
[EventDate "2004.07.24"]
[EventType "swiss"]
[EventRounds "10"]
[EventCountry "DEN"]
[SourceDate "2004.01.01"]

1. d4 Nf6 2. c4 c5 3. d5 e5 4. Nc3 d6 5. e4 Be7 6. g3 Nbd7 7. Bg2 Nf8 8. Nge2
h5 9. h4 Ng6 10. Rb1 O-O 11. Bd2 Ng4 12. f3 Nxh4 13. fxg4 Bxg4 14. O-O Nxg2 15.
Kxg2 Qd7 16. Kh2 f5 17. Qc2 fxe4 18. Ng1 h4 19. Nxe4 hxg3+ 20. Kg2 Bf5 21. Rbe1
Bh7 22. Qd3 Rxf1 23. Qxf1 Rf8 24. Nf3 Qg4 25. Qe2 Bf5 26. Nfg5 Bxe4+ 27. Nxe4
Qg6 28. Rf1 Rxf1 29. Kxf1 Qh7 30. Nxg3 Qb1+ 31. Kg2 Qxb2 32. Be3 Qb1 33. Bf2
Bh4 34. Ne4 Bxf2 35. Nxf2 a5 36. Ne4 a4 37. Ng5 Qg6 38. Qg4 Qc2+ 39. Kh3 Qc3+
40. Kh4 Qe1+ 41. Kh5 Qh1+ 42. Nh3 Qf1 43. Qc8+ Qf8 44. Qxf8+ Kxf8 45. Ng5 Ke7
46. Ne4 Kd7 47. Kg6 Kc7 48. Kxg7 b5 49. cxb5 c4 50. Kf6 Kb6 51. Nxd6 c3 52.
Nc4+ Kc5 53. Ne3 Kd4 54. Nc2+ Kxd5 55. b6 Kc6 56. Kxe5 Kxb6 57. Kd4 Kb5 58. a3
1-0

[Event "26. Copenhagen Open  (Politiken Cup)"]
[Site "Taastrup"]
[Date "2004.07.27"]
[Round "5"]
[White "Norton, Craig"]
[Black "Archangelsky, Mikhail"]
[Result "1/2-1/2"]
[WhiteElo "2108"]
[BlackElo "2312"]
[PlyCount "43"]
[EventDate "2004.07.24"]
[EventType "swiss"]
[EventRounds "10"]
[EventCountry "DEN"]
[SourceDate "2004.01.01"]

1. d4 d5 2. Nf3 Nf6 3. Bf4 c5 4. e3 Nc6 5. c3 Qb6 6. Qc2 Bf5 7. dxc5 Bxc2 8.
cxb6 Bxb1 9. Rxb1 axb6 10. Bb5 Nd7 11. O-O Rxa2 12. Ra1 Ra5 13. b4 Rxa1 14.
Rxa1 f6 15. Ra8+ Kf7 16. Nd4 e5 17. Nxc6 bxc6 18. Bxc6 exf4 19. Bxd7 fxe3 20.
fxe3 Ke7 21. Bb5 Kd6 22. Kf2 1/2-1/2

[Event "26. Copenhagen Open  (Politiken Cup)"]
[Site "Taastrup"]
[Date "2004.07.27"]
[Round "5"]
[White "Olsen, Peter Erik"]
[Black "Vul, Arkadi Eremeevich"]
[Result "1/2-1/2"]
[WhiteElo "2243"]
[BlackElo "2438"]
[PlyCount "99"]
[EventDate "2004.07.24"]
[EventType "swiss"]
[EventRounds "10"]
[EventCountry "DEN"]
[SourceDate "2004.01.01"]

1. d4 d5 2. c4 e6 3. Nc3 c6 4. Nf3 Nf6 5. Bg5 Nbd7 6. e3 Qa5 7. Qc2 Ne4 8. cxd5
exd5 9. Bd3 Nxg5 10. Nxg5 h6 11. Nf3 Nf6 12. O-O Bd6 13. h3 Qc7 14. Rab1 Qe7
15. Rfe1 O-O 16. e4 dxe4 17. Nxe4 Nxe4 18. Bxe4 Qf6 19. Qb3 Rb8 20. d5 c5 21.
a4 b6 22. Re2 a6 23. Nd2 b5 24. axb5 axb5 25. Bf3 c4 26. Qc3 Qg6 27. Be4 f5 28.
Bf3 Bd7 29. Rbe1 Rfe8 30. b3 Rxe2 31. Rxe2 b4 32. Qxc4 Bb5 33. Qd4 Bxe2 34.
Bxe2 Re8 35. Qd3 Qf6 36. Nc4 Bc5 37. g3 Qa1+ 38. Kg2 Qe1 39. Ne3 Bxe3 40. fxe3
Qc3 41. Kf3 g6 42. g4 Kg7 43. gxf5 gxf5 44. Bf1 Qe5 45. d6 Rd8 46. d7 Qe6 47.
Qd4+ Kg6 48. Bb5 Qe7 49. Qb6+ Kg5 50. Qd4 1/2-1/2

[Event "26. Copenhagen Open  (Politiken Cup)"]
[Site "Taastrup"]
[Date "2004.07.27"]
[Round "5"]
[White "Olsson, Tomas"]
[Black "Moller, Frederik Oest"]
[Result "1-0"]
[WhiteElo "2099"]
[BlackElo "1832"]
[PlyCount "49"]
[EventDate "2004.07.24"]
[EventType "swiss"]
[EventRounds "10"]
[EventCountry "DEN"]
[SourceDate "2004.01.01"]

1. e4 c5 2. d4 cxd4 3. Nf3 d6 4. Nxd4 Nf6 5. Nc3 g6 6. Bc4 Bg7 7. h3 O-O 8. Bb3
Nc6 9. Be3 Bd7 10. O-O a6 11. f4 Rc8 12. Qd3 Nb4 13. Qd2 Nc6 14. Nf3 Qc7 15.
Rad1 Rfd8 16. Qf2 Re8 17. Qh4 e6 18. e5 dxe5 19. fxe5 Nd5 20. Bxd5 exd5 21.
Nxd5 Qd8 22. Bg5 Qa5 23. b4 Qb5 24. c4 Qa4 25. Nf6+ 1-0

[Event "26. Copenhagen Open  (Politiken Cup)"]
[Site "Taastrup"]
[Date "2004.07.27"]
[Round "5"]
[White "Pedersen, Audun"]
[Black "Thomassen, Joachim"]
[Result "1-0"]
[WhiteElo "2034"]
[BlackElo "1462"]
[PlyCount "55"]
[EventDate "2004.07.24"]
[EventType "swiss"]
[EventRounds "10"]
[EventCountry "DEN"]
[SourceDate "2004.01.01"]

1. d4 d5 2. c4 c6 3. Nf3 Nf6 4. Nc3 e6 5. Bg5 Nbd7 6. e3 Be7 7. Rc1 O-O 8. a3
a6 9. Bd3 dxc4 10. Bxc4 b5 11. Ba2 c5 12. O-O Bb7 13. Qe2 b4 14. axb4 cxb4 15.
Nb1 Qa5 16. Bxf6 Nxf6 17. Bb3 Rfc8 18. Nbd2 Qh5 19. Nc4 Bxf3 20. Qxf3 Qxf3 21.
gxf3 Kf8 22. Nb6 Rxc1 23. Rxc1 Rb8 24. Rc6 Bd8 25. Nc4 a5 26. Ra6 Rb5 27. Ne5
Ne8 28. Ra8 1-0

[Event "26. Copenhagen Open  (Politiken Cup)"]
[Site "Taastrup"]
[Date "2004.07.27"]
[Round "5"]
[White "Pedersen, Gunnar"]
[Black "Skjoldager, Flemming"]
[Result "1-0"]
[WhiteElo "2251"]
[BlackElo "2088"]
[PlyCount "57"]
[EventDate "2004.07.24"]
[EventType "swiss"]
[EventRounds "10"]
[EventCountry "DEN"]
[SourceDate "2004.01.01"]

1. d4 Nf6 2. Nf3 d5 3. c4 e6 4. Nc3 Nbd7 5. Bg5 c6 6. e3 Qa5 7. cxd5 Nxd5 8.
Qd2 Bb4 9. Rc1 O-O 10. e4 N5f6 11. Bd3 Re8 12. O-O Be7 13. e5 Nd5 14. Nxd5 Qxd5
15. Rfe1 Nf8 16. Bxe7 Rxe7 17. Qg5 Qd8 18. Re4 Rd7 19. Qg3 Ng6 20. Rg4 Qf8 21.
Ng5 Qe8 22. Qh3 h6 23. Nxf7 Qxf7 24. Bxg6 Qf8 25. Bc2 Kh8 26. Qh5 Qf7 27. Rf4
Qg8 28. Qg6 Rd8 29. Rh4 1-0

[Event "26. Copenhagen Open  (Politiken Cup)"]
[Site "Taastrup"]
[Date "2004.07.27"]
[Round "5"]
[White "Pedersen, Kaj Vinding"]
[Black "Carlsen, Ellen Oen"]
[Result "1-0"]
[WhiteElo "1496"]
[BlackElo "1183"]
[PlyCount "117"]
[EventDate "2004.07.24"]
[EventType "swiss"]
[EventRounds "10"]
[EventCountry "DEN"]
[SourceDate "2004.01.01"]

1. d4 Nf6 2. Nf3 g6 3. g3 Bg7 4. Bg2 O-O 5. O-O d6 6. c3 c5 7. dxc5 dxc5 8.
Qxd8 Rxd8 9. Be3 Nbd7 10. Rd1 b6 11. Ng5 Rb8 12. Bf4 Ba6 13. Bxb8 Rxb8 14. e3
Ne5 15. Na3 Nd3 16. Rab1 Ng4 17. Rd2 h6 18. Nf3 Nde5 19. Nxe5 Nxe5 20. Rbd1 Bf6
21. Rd8+ Rxd8 22. Rxd8+ Kg7 23. Ra8 Nd3 24. Rxa7 Bc8 25. b4 Bxc3 26. bxc5 bxc5
27. Bf1 Ne5 28. Rc7 Be6 29. Nb5 Ba1 30. Rxc5 Nd7 31. Rc7 Bf6 32. a4 Nb6 33. a5
Nd5 34. Rb7 Bc8 35. Rb8 Ba6 36. Nd4 Bxf1 37. Kxf1 Nc7 38. Rb7 Be5 39. Nc6 Bd6
40. Nxe7 Kf8 41. Nc6 Ke8 42. e4 Kd7 43. Nd4 Kc8 44. Rb1 Bc5 45. Nc6 h5 46. Ne5
Na6 47. Nxf7 Kc7 48. Ke2 Bb4 49. Ra1 Bc5 50. h4 Bd4 51. Rc1+ Kb7 52. f4 Nc7 53.
Ne5 Nb5 54. Kd3 Bf2 55. Nxg6 Bxg3 56. e5 Nc7 57. Ke4 Kc8 58. Kf5 Kd7 59. Kg5
1-0

[Event "26. Copenhagen Open  (Politiken Cup)"]
[Site "Taastrup"]
[Date "2004.07.27"]
[Round "5"]
[White "Pedersen, Steen Guldager"]
[Black "Jensen, Mads"]
[Result "1-0"]
[WhiteElo "1954"]
[BlackElo "1277"]
[PlyCount "73"]
[EventDate "2004.07.24"]
[EventType "swiss"]
[EventRounds "10"]
[EventCountry "DEN"]
[SourceDate "2004.01.01"]

1. e4 e6 2. d4 d5 3. Nd2 Nf6 4. e5 Nfd7 5. c3 c5 6. Bd3 Nc6 7. Ne2 f6 8. exf6
Nxf6 9. O-O Bd6 10. Nf3 O-O 11. Re1 Re8 12. Nf4 e5 13. dxe5 Nxe5 14. Nxe5 Rxe5
15. Rxe5 Bxe5 16. Nh5 Qe8 17. Nxf6+ Bxf6 18. Be3 b6 19. Qf3 Be6 20. Re1 Qf7 21.
Bc2 Rd8 22. Qe2 d4 23. Bd2 Bxa2 24. cxd4 Bxd4 25. Bc3 Bxc3 26. bxc3 Bc4 27. Qe4
g6 28. Qe3 Kf8 29. Qh6+ Qg7 30. Qh4 Qd7 31. Qxc4 Qd2 32. Qe4 Kg7 33. Qe7+ Kh6
34. Qh4+ Kg7 35. Re7+ Kf8 36. Qf6+ Kg8 37. Qg7# 1-0

[Event "26. Copenhagen Open  (Politiken Cup)"]
[Site "Taastrup"]
[Date "2004.07.27"]
[Round "5"]
[White "Peschardt, Soren"]
[Black "Serrano, Jose Manuel Garcia"]
[Result "1-0"]
[WhiteElo "2200"]
[BlackElo "1988"]
[PlyCount "51"]
[EventDate "2004.07.24"]
[EventType "swiss"]
[EventRounds "10"]
[EventCountry "DEN"]
[SourceDate "2004.01.01"]

1. d4 d5 2. Nf3 Nc6 3. g3 Bg4 4. Bg2 Nf6 5. O-O e6 6. Bg5 h6 7. Bxf6 Qxf6 8. c3
Bd6 9. Nbd2 Bf5 10. Re1 g5 11. e4 dxe4 12. Nxe4 Bxe4 13. Rxe4 h5 14. d5 Ne5 15.
Qa4+ Kf8 16. Nxe5 Bxe5 17. Rae1 Bd6 18. dxe6 Kg7 19. exf7 Bc5 20. Qc2 Raf8 21.
Re5 Bb6 22. Rf5 Qd8 23. Bd5 h4 24. Ree5 Rh7 25. Rxg5+ Kh6 26. Qg6# 1-0

[Event "26. Copenhagen Open  (Politiken Cup)"]
[Site "Taastrup"]
[Date "2004.07.27"]
[Round "5"]
[White "Petersen, Peter Birk"]
[Black "Henrichsen, Jens"]
[Result "1-0"]
[WhiteElo "2214"]
[BlackElo "2084"]
[PlyCount "63"]
[EventDate "2004.07.24"]
[EventType "swiss"]
[EventRounds "10"]
[EventCountry "DEN"]
[SourceDate "2004.01.01"]

1. e4 c5 2. Nf3 e6 3. d4 cxd4 4. Nxd4 Nf6 5. Nc3 d6 6. Be3 a6 7. f3 Nbd7 8. Qd2
b5 9. g4 h6 10. O-O-O Bb7 11. Rg1 Rc8 12. h4 Nc5 13. g5 hxg5 14. hxg5 Nfd7 15.
g6 b4 16. gxf7+ Kxf7 17. Nce2 Qa5 18. Kb1 Ne5 19. Nc1 Qc7 20. Bd3 a5 21. Qg2 a4
22. f4 Nexd3 23. cxd3 Kg8 24. f5 e5 25. Nf3 Nxe4 26. dxe4 Bxe4+ 27. Ka1 Qb7 28.
Rdf1 Rc2 29. Qg6 Bd5 30. f6 Be4 31. f7+ Qxf7 32. Qxe4 1-0

[Event "26. Copenhagen Open  (Politiken Cup)"]
[Site "Taastrup"]
[Date "2004.07.27"]
[Round "5"]
[White "Ramme, Christoph"]
[Black "Holm, Sejer"]
[Result "1-0"]
[WhiteElo "2089"]
[BlackElo "2296"]
[PlyCount "68"]
[EventDate "2004.07.24"]
[EventType "swiss"]
[EventRounds "10"]
[EventCountry "DEN"]
[SourceDate "2004.01.01"]

1. c4 c5 2. Nc3 e6 3. Nf3 d5 4. cxd5 exd5 5. d4 Nc6 6. g3 c4 7. Bg2 Bb4 8. O-O
Nge7 9. Bg5 O-O 10. Rc1 f6 11. Bd2 Bg4 12. e3 a6 13. b3 Ba3 14. Ra1 b5 15. Ne2
Qd7 16. Bc1 Bb4 17. Bb2 Rac8 18. bxc4 dxc4 19. e4 f5 20. exf5 Qxf5 21. Ne5 Nxe5
22. dxe5 Qh5 23. f3 Bxf3 24. Rxf3 Rfd8 25. Qf1 Bc5+ 26. Kh1 Qg6 27. Rd1 Qc2 28.
Bd4 b4 29. Rc1 Qxa2 30. Bxc5 Rxc5 31. Ra1 Qb2 32. Rb1 Qd2 33. Nf4 b3 34. Ne6
Qd5 1-0

[Event "26. Copenhagen Open  (Politiken Cup)"]
[Site "Taastrup"]
[Date "2004.07.27"]
[Round "5"]
[White "Refsgaard, Kaj"]
[Black "Rosenkilde, Alexander"]
[Result "1-0"]
[WhiteElo "1493"]
[BlackElo "1989"]
[PlyCount "75"]
[EventDate "2004.07.24"]
[EventType "swiss"]
[EventRounds "10"]
[EventCountry "DEN"]
[SourceDate "2004.01.01"]

1. d4 Nf6 2. Nf3 e6 3. Bg5 c5 4. c3 d5 5. e3 Nc6 6. Bb5 Bd7 7. O-O Qb6 8. Bxc6
bxc6 9. Bxf6 gxf6 10. Qc2 Bg7 11. Nbd2 O-O 12. dxc5 Qxc5 13. Nb3 Qb6 14. Nbd4
Rab8 15. b3 Rfc8 16. Rac1 a5 17. Ne2 c5 18. Nf4 a4 19. Rb1 axb3 20. axb3 Rc7
21. Nh5 Bh8 22. c4 Qc6 23. Qc3 e5 24. cxd5 Qxd5 25. Rfd1 Qc6 26. Nd2 Bg4 27.
Ng3 Bxd1 28. Rxd1 Rd8 29. Nf5 Rcd7 30. h3 Qb5 31. e4 Qe2 32. Nh6+ Kf8 33. Qxc5+
Ke8 34. Ra1 Qxd2 35. Nf5 Qf4 36. Qc6 Kf8 37. Qxd7 Re8 38. Nd6 1-0

[Event "26. Copenhagen Open  (Politiken Cup)"]
[Site "Taastrup"]
[Date "2004.07.27"]
[Round "5"]
[White "Reppen, Ellisiv"]
[Black "Jensen, Leif"]
[Result "0-1"]
[WhiteElo "1668"]
[BlackElo "2057"]
[PlyCount "60"]
[EventDate "2004.07.24"]
[EventType "swiss"]
[EventRounds "10"]
[EventCountry "DEN"]
[SourceDate "2004.01.01"]

1. e4 e6 2. d4 d5 3. Nc3 dxe4 4. Nxe4 Nd7 5. Bd3 Ngf6 6. Qe2 Be7 7. Be3 b6 8.
O-O-O Bb7 9. Nxf6+ Bxf6 10. Nf3 Qe7 11. Kb1 O-O 12. c3 c5 13. Ne5 Bxe5 14. dxe5
Nxe5 15. Bxh7+ Kxh7 16. Qh5+ Kg8 17. Qxe5 Rad8 18. f3 Rd7 19. Rxd7 Qxd7 20. h4
f6 21. Qf4 Qd3+ 22. Ka1 e5 23. Qg4 Bc8 24. Qg3 Qxe3 25. h5 Qf4 26. Qf2 Rd8 27.
h6 Qxh6 28. Qf1 Qd2 29. Qc4+ Qd5 30. Qe2 Be6 0-1

[Event "26. Copenhagen Open  (Politiken Cup)"]
[Site "Taastrup"]
[Date "2004.07.27"]
[Round "5"]
[White "Ringsborg, Allan"]
[Black "Lovik, Lasse Ostebo"]
[Result "1-0"]
[WhiteElo "1747"]
[BlackElo "1267"]
[PlyCount "89"]
[EventDate "2004.07.24"]
[EventType "swiss"]
[EventRounds "10"]
[EventCountry "DEN"]
[SourceDate "2004.01.01"]

1. b4 d5 2. Bb2 Nf6 3. e3 Bf5 4. c4 e6 5. a3 c5 6. Nf3 a6 7. bxc5 Bxc5 8. d4
Bb6 9. Qb3 Nc6 10. c5 Ba5+ 11. Bc3 Bxb1 12. Rxb1 Ne4 13. Bd2 Rb8 14. Bd3 O-O
15. Qc2 f5 16. O-O Bc7 17. g3 g5 18. Ne1 g4 19. f4 Qe8 20. Ng2 Qh5 21. Bxe4
dxe4 22. Qc4 Qf7 23. Rb2 Qd7 24. Rd1 Na5 25. Bxa5 Bxa5 26. d5 Rbd8 27. d6 Kf7
28. Nh4 Kf6 29. Qd4+ Kf7 30. Rdb1 Rb8 31. Qc4 Kf6 32. Rc2 Rfc8 33. Qd4+ Kf7 34.
Qc4 Kf6 35. Ng2 b5 36. Qd4+ Kf7 37. Rbc1 Rc6 38. Ne1 Rbc8 39. Rb2 Rxd6 40. cxd6
Rxc1 41. Rc2 Rxe1+ 42. Kg2 Rb1 43. Qh8 Kg6 44. Qg8+ Kh6 45. Qg5# 1-0

[Event "26. Copenhagen Open  (Politiken Cup)"]
[Site "Taastrup"]
[Date "2004.07.27"]
[Round "5"]
[White "Sammalvuo, Niina"]
[Black "Malmdin, Nils Ake"]
[Result "1/2-1/2"]
[WhiteElo "2268"]
[BlackElo "2187"]
[PlyCount "38"]
[EventDate "2004.07.24"]
[EventType "swiss"]
[EventRounds "10"]
[EventCountry "DEN"]
[SourceDate "2004.01.01"]

1. e4 d5 2. exd5 Nf6 3. d4 Bg4 4. Nf3 Qxd5 5. Be2 Nc6 6. c3 O-O-O 7. O-O e6 8.
b4 Bd6 9. Ng5 Bxe2 10. Qxe2 e5 11. b5 Na5 12. Nf3 Rhe8 13. Qd1 e4 14. Ne1 Qxb5
15. Nc2 Nc4 16. a4 Qf5 17. Qe2 Qh5 18. Qxh5 Nxh5 19. a5 Bf4 1/2-1/2

[Event "26. Copenhagen Open  (Politiken Cup)"]
[Site "Taastrup"]
[Date "2004.07.27"]
[Round "5"]
[White "Sammalvuo, Tapani"]
[Black "Sagafos, Magne"]
[Result "1-0"]
[WhiteElo "2445"]
[BlackElo "2242"]
[PlyCount "95"]
[EventDate "2004.07.24"]
[EventType "swiss"]
[EventRounds "10"]
[EventCountry "DEN"]
[SourceDate "2004.01.01"]

1. e4 c5 2. Nf3 d6 3. d4 cxd4 4. Nxd4 Nf6 5. Nc3 g6 6. Be3 Bg7 7. f3 Nc6 8. Qd2
O-O 9. Bc4 Bd7 10. h4 Ne5 11. Bb3 Qa5 12. O-O-O Rfc8 13. Kb1 b5 14. Ncxb5 Qxd2
15. Bxd2 Ne8 16. Bg5 Kf8 17. Rhe1 Rab8 18. Nc3 h6 19. Bc1 Nc7 20. f4 Ng4 21. e5
dxe5 22. fxe5 Nxe5 23. Bxh6 Bxh6 24. Rxe5 Bg7 25. Ra5 Bg4 26. Rd3 a6 27. Nc6
Rb6 28. Ne5 Bf5 29. g4 Bxe5 30. gxf5 Bxc3 31. Rxc3 Rd8 32. a4 Ne8 33. fxg6 Rxg6
34. Ka2 Rdd6 35. Rc8 Rg4 36. Rh5 Rg8 37. Rh7 Rf6 38. Bd5 e6 39. Bc6 Ke7 40. h5
e5 41. a5 Rf5 42. b4 Rf8 43. h6 Rh5 44. b5 e4 45. b6 Nd6 46. Rxf8 Kxf8 47. Rh8+
Ke7 48. h7 1-0